000 00677nam a2200241Ia 4500
003 OSt
005 20221007101325.0
006 a|||||r|||| 00| 0
007 ta
008 221006b |||||||| |||| 00| 0 eng d
024 _a6,245
037 _cTextual
040 _aLCO
_cLCO
_beng
041 _2eng
_aeng
082 _aX72:(Z2,81y8), L3
100 _aAgrawal S.K.
245 0 _aFifty One Years Privy Council, Federal Court and Supreme Court Taxation Digest, 1922 - 1972
260 _aAllahabad
_bLaw Book Co. India
_c1973
300 _a842
650 _aTAX
942 _hX72:(Z2,81y8), L3
_cTEXL
999 _c1175808
_d1175808